000 00948cam a22003137a 4500
001 16975689
003 OSt
005 20140310182926.0
008 110925s2011 ph 000 0 tgl
010 _a 2011308390
020 _a9789715066006
040 _aDLC
_cDLC
_dDLC
042 _alcode
050 0 0 _aPL 6063
_b.V433 2011
082 _aFIL 808.83
_bV433d 2011
100 1 _aVelasco, Emmanuel T.
245 1 0 _aDalawang pulgada at tubig
_bmga tula ng tahimik na ligalig
_cVelasco, Emmanuel Quintos
260 _aEspaƱa, Manila
_bUniversity of Santo Tomas Pub. House
_cc2011
300 _axiii, 73 p.
_c23 cm.
500 _aPoems.
521 _aCollege Students
526 _c1210L to 1700L
541 _j1
546 _aIn Tagalog.
562 _efor circulation. 1 copy available in the collection
906 _a7
_bcbc
_corigode
_d4
_encip
_f20
_gy-gencatlg
942 _2lcc
_cBK
_kFIL
999 _c17414
_d17414